000 00881cab a22002175a 4500
001 L157867
008 130619e20130615xxk 000 0 eng d
035 _a(Sirsi) u157867
041 0 _aeng
100 1 _aHarris, David
245 0 0 _aFocus
_bIndustrial
490 _aEstates Gazette
_v(1324) 15 June 2013, 65-89(15)
520 _aIncludes features on a rethink on shop and warehouse space including alternatives in France to a lack of capacity in the UK. Also signs of a return to speculative development with the West Midlands developers IM Properties announcing a big project involving the construction of two logistics units at Birch Coppice Business Park in North Warwickshire.
590 _aKA
651 4 _aUnited Kingdom
690 _aCommercial property
_96227
700 1 _aThame, David
700 1 _aPio Kivlehan, Noella
700 1 _aSleeman, Jon
942 _n0
999 _c84480
_d84480